Biología 2 : la unidad y diversidad de la vida /
Guardado en:
| Autor Principal: | |
|---|---|
| Otros Autores: | |
| Formato: | Libro |
| Publicado: |
México :
Thomson,
2004
|
| Edición: | 10 ed. |
| Materias: | |
| Etiquetas: |
Agregar Etiqueta
Sin Etiquetas, Sea el primero en etiquetar este registro!
|
| LEADER | 02025nam a22004095a 4500 | ||
|---|---|---|---|
| 001 | CEM.cems017529 | ||
| 005 | 20121116162924.0 | ||
| 008 | 130507s2004##################000#0#####d | ||
| 003 | CEMS | ||
| 020 | |a 9706864016 | ||
| 082 | 0 | 4 | |a 574 |
| 100 | 1 | |a Starr, Cecie | |
| 245 | 1 | 0 | |a Biología 2 : |b la unidad y diversidad de la vida / |c Cecie Starr y Ralph Taggart |
| 250 | |a 10 ed. | ||
| 260 | |a México : |b Thomson, |c 2004 | ||
| 300 | |a 350 p. + 1 CD-ROM | ||
| 505 | 0 | |a Principios de la vida celular -- Cómo obtienen energía las celulas -- Los principios de la herencia -- Acerca de la meiosis -- Patrones hereditarios observables -- Genética humana -- Principios de la evolución -- Microevolución -- La especiación -- El origen y la evolución de la vida -- Evolución y biodiversidad -- Acerca de los protistas -- Las plantas -- Hongos -- Animales: invertebrados -- Principios de antomía y fisiología -- Cómo funcionan las plantas y los animales -- Estructura y funcionamiento de las plantas -- Trnasporte y nutrición vegetal -- Reproducción vegetal -- Estructura y funcionamiento de los animales -- Integración y control: sistema nervioso -- Integración y control: sistemas endocrinos -- Respiración -- Digestión y nutrición humana -- El medio interno -- Principios de la reproducción y el desarrollo -- Introducción a la reproducción y el desarrollo embrionario humano | |
| 653 | |a Biología | ||
| 653 | |a Fotosíntesis | ||
| 653 | |a Herencia | ||
| 653 | |a Leyes de mendel | ||
| 653 | |a Evolución | ||
| 653 | |a Microevolución | ||
| 653 | |a Especiación | ||
| 653 | |a Vida-origen | ||
| 653 | |a Biodiversidad | ||
| 653 | |a Invertebrados | ||
| 653 | |a Plantas | ||
| 653 | |a Nutrición vegetal | ||
| 653 | |a Sistema nervioso | ||
| 653 | |a Sistema endocrino | ||
| 653 | |a Sistema respiratorio | ||
| 653 | |a Sistema digestivo | ||
| 653 | |a Nutrición humana | ||
| 653 | |a Reproducción | ||
| 700 | 1 | |a Taggart, Ralph | |
| 859 | |a CEMS |b BIB. CEMS - Agricultura |h 574 |i St796a10 |p A1339.11 |t Ej.1 |v 2 |3 2 | ||
